000 00679nam a2200265Ia 4500
005 20260121170657.0
008 008 260114s9999 xx 000 0 eng d
020 _a9783319960142
037 _aEBOOK
040 _aCRL
040 _beng
040 _cCRL
041 _2eng
041 _aeng
084 _qCRL
100 _aJulia Casanueva Diaz
_91066811
245 0 _aControl of the Gravitational Wave Interferometric Detector Advanced Virgo
260 _bSpringer
260 _bSpringer
260 _c2018
856 _uhttps://link.springer.com/openurl?genre=book&isbn=978-3-319-96014-2
942 _cEBOOK
999 _c1632541
_d1632541